Statistiques concernant Pays commençant par la lettre I

Cliquez ici pour prendre le quiz!

Statistiques générales

  • Ce quiz a été pris 100 671 fois
    (24 187 depuis la dernière actualisation)
  • Le résultat moyen est 7 sur 10

Statistiques - réponses

Pays% Correct
Italie
86%
Irlande
83%
Islande
79%
Inde
78%
Indonésie
73%
Iran
71%
Irak
70%
Îles {Marshall}
57%
Israël
55%
Îles {Salomon}
50%

Distribution des résultats

Percentile par nombre de réponses

% des personnes avec chaque résultat

Votre développement - résultats

Vous n’avez pas pris ce quiz depuis la dernière actualisation